Víťazný vstup dôležitý pre pohodu mužstva

Bibliographic Details
Main Author: Karafa, Ján (Author)
Format: Article
Language:Slovak
PhysicalDescription:Fotogr.
Subjects:

MARC

LEADER 00000nab a2200000 ar4500
001 vtls008961658
003 SK-MaSNL
005 20260303070707.0
008 070404c2007 xo wr|p|||||||000 b|slo
038 |a PPPK 
040 |a PPPKCL  |b slo  |c PPPK  |e AACR2 
041 0 |a slo 
044 |a xo  |c SK 
080 |a 796.332.071.43  |2 1997 
245 0 0 |a Víťazný vstup dôležitý pre pohodu mužstva  |c [autor] (btk), Ján Karafa 
300 |b Fotogr. 
610 2 7 |a FK AquaCity Poprad  |2 pppkcl  |9 1035201 
650 0 7 |a futbal  |2 pppkcl  |9 3291 
650 0 7 |a futbaloví tréneri  |2 pppkcl  |9 68566 
651 7 |a Poprad (Slovensko)  |2 pppkcl  |9 20155 
700 1 |a Karafa, Ján  |4 ive  |4 aut  |9 1068449 
773 0 |t Poprad : noviny občanov mesta  |g Roč. XVIII, č. 21 (2007), s. 4 
852 |a PPPK  |b KIS3GCP 
999 |c 1756536  |d 1758466